Southville International School and Colleges
Your cart is empty.
  • Cart
  • Lists
    Public lists Eva Luna New books Lux_list list_1
    Your lists Log in to create your own lists
  • Log in to your account
  • Your cookies
  • Search history
Southville International School and Colleges
  • Advanced search
  • Recent comments
  • Most popular
  • Libraries

Log in to your account

Log in with GOOGLE


If you do not have an external account, but do have a local account, you can still log in:

  1. Home
  2. MARC view: Reading brainstorm /
Normal view MARC view ISBD view

Reading brainstorm / (Record no. 102994)

[ view plain ]
MARC details
000 -LEADER
fixed length control field 00439nam a2200157 a 4500
005 - DATE AND TIME OF LATEST TRANSACTION
control field 20140412111247.0
008 - FIXED-LENGTH DATA ELEMENTS--GENERAL INFORMATION
fixed length control field 001120s19uu xx 00 eng d
020 ## - INTERNATIONAL STANDARD BOOK NUMBER
International Standard Book Number 0-86653-560-8
050 ## - LIBRARY OF CONGRESS CALL NUMBER
Classification number TR(GS 372.4
Item number Da167 1990
100 ## - MAIN ENTRY--PERSONAL NAME
Personal name Daniel, Becky
245 ## - TITLE STATEMENT
Title Reading brainstorm /
Statement of responsibility, etc written by Becky Daniel; illustrated by Nancee McClure.
260 ## - PUBLICATION, DISTRIBUTION, ETC. (IMPRINT)
Place of publication, distribution, etc Carthage, Ill,
Date of publication, distribution, etc 1990.
300 ## - PHYSICAL DESCRIPTION
Extent 76 p.
650 ## - SUBJECT ADDED ENTRY--TOPICAL TERM
Topical term or geographic name as entry element Reading
Holdings
Withdrawn status Lost status Damaged status Home library Current library Shelving location Date acquired Total Checkouts Full call number Barcode Date last seen Price effective from Koha item type
      Elizalde Library Elizalde Library Teachers Reference Section 11/20/2000   TR(GS 372.4 Da167 1990 E3543 04/12/2014 04/12/2014 Books

Reading brainstorm /

APA

Daniel B., . (1990). Reading brainstorm. Carthage, Ill: .

Chicago

Daniel Becky, . 1990. Reading brainstorm. Carthage, Ill: .

Harvard

Daniel B., . (1990). Reading brainstorm. Carthage, Ill: .

MLA

Daniel Becky, . Reading brainstorm. Carthage, Ill: . 1990.

  • Place hold
  • Print
  • Cite
  • Add to your cart (remove)
  • Save record
    BIBTEX Dublin Core MARCXML MARC (non-Unicode/MARC-8) MARC (Unicode/UTF-8) MARC (Unicode/UTF-8, Standard) MODS (XML) RIS
  • More searches
    Search for this title in:
    Other Libraries (WorldCat) Other Databases (Google Scholar) Online Stores (Bookfinder.com) Open Library (openlibrary.org)

Exporting to Dublin Core...

SOUTHVILLE LIBRARY

Southville International School and Colleges Library

1281 Tropical Ave. Cor. Luxembourg St., BF Homes International, Las Pinas City

Tel. No. 8256374 / 252358 Loc. 117/146

Powered by Koha